Normal view
MARC view
Entry Personal Name
001 - CONTROL NUMBER
- control field: 15729
003 - CONTROL NUMBER IDENTIFIER
- control field: BD-RjUL
005 - DATE AND TIME OF LATEST TRANSACTION
- control field: 20250619130424.0
008 - FIXED-LENGTH DATA ELEMENTS
- fixed length control field: 250619|| aca||aabn | a|a d
040 ## - CATALOGING SOURCE
- Original cataloging agency: BD-RjUL
- Transcribing agency: BD-RjUL
100 ## - HEADING--PERSONAL NAME
- Personal name: White, E. B
670 ## - SOURCE DATA FOUND
- Source citation: Work cat.: (BD-RjUL)85017: Thoreau, Henry David, 1817-1862. 69754, Walden /, 1949